The development and management of visitor attraction (Record no. 3)
[ view plain ]
| 000 -LEADER | |
|---|---|
| fixed length control field | 00457nam a22001457a 4500 |
| 020 ## - INTERNATIONAL STANDARD BOOK NUMBER | |
| ISBN | 0750619791 |
| 050 ## - CALL NUMBER | |
| Classification number | G155.A1 |
| Item number | S885 SWA |
| 100 ## - AUTHOR | |
| Personal name | Swarbrooke, John |
| 245 ## - TITLE | |
| Title | The development and management of visitor attraction |
| Statement of responsibility, etc | John Swarbrooke |
| 260 ## - PUBLICATION INFORMATION | |
| Place of publication | Oxford |
| Name of publisher | Butterworth-Heinemann |
| Year of publication | 1995 |
| 300 ## - DESCRIPTION | |
| Number of Pages | xii, 381p. |
| Other physical details | ill. |
| 500 ## - NOTES | |
| General note | Includes bibliographical references and index |
| 650 ## - SUBJECTS | |
| Topical Term | Tourism -- Great Britain |
| 650 ## - SUBJECTS | |
| Topical Term | Leisure -- Great Britain |
| Withdrawn status | Lost status | Collection code | Home library | Current library | Shelving location | Date acquired | Source of acquisition | Full call number | Accession Number | Koha item type |
|---|---|---|---|---|---|---|---|---|---|---|
| Reference | Methodist University Library Main | Methodist University Library Main | General Stacks | 22/12/1999 | Ghana Book Trust | G155A1S885 SWA | 10824 | Books |